Welcome to CU Library Online Public Access Catalogue (OPAC)

Criminal Procedure and Practice in Ghana / (Record no. 564)

MARC details
000 -LEADER
fixed length control field 00580nam a22001937a 4500
003 - CONTROL NUMBER IDENTIFIER
control field OSt
005 - DATE AND TIME OF LATEST TRANSACTION
control field 20241102151312.0
008 - FIXED-LENGTH DATA ELEMENTS--GENERAL INFORMATION
fixed length control field 241102b |||||||| |||| 00| 0 eng d
020 ## - INTERNATIONAL STANDARD BOOK NUMBER
International Standard Book Number 9789988353933 (hbck)
040 ## -
-- Central University Library
050 ## - LIBRARY OF CONGRESS CALL NUMBER
Classification number KRX4610
Item number .A35
100 ## - MAIN ENTRY--PERSONAL NAME
Personal name Adjei, Dennis Dominic
Relator term author
245 ## - TITLE STATEMENT
Title Criminal Procedure and Practice in Ghana /
Statement of responsibility, etc. Dennis Dominic Adjei
250 ## - EDITION STATEMENT
Edition statement Fourth Ed.
260 ## - PUBLICATION, DISTRIBUTION, ETC.
Place of publication, distribution, etc. Ghana
Name of publisher, distributor, etc. Dennis Dominic Adjei
Date of publication, distribution, etc. c2021
300 ## - PHYSICAL DESCRIPTION
Extent xxxvii, 573 pages
Other physical details Index
Dimensions 25cm
650 ## - SUBJECT ADDED ENTRY--TOPICAL TERM
Source of heading or term Criminal
Topical term or geographic name entry element Ghana
942 ## - ADDED ENTRY ELEMENTS (KOHA)
Source of classification or shelving scheme Library of Congress Classification
Koha item type Books
Edition 4th Ed.
Suppress in OPAC No
999 ## -
-- 564
-- 564
Holdings
Withdrawn status Lost status Source of classification or shelving scheme Damaged status Not for loan Collection Home library Current library Shelving location Date acquired Total checkouts Full call number Barcode Date last seen Copy number Price effective from Koha item type
    Library of Congress Classification     Non-fiction Law Library (Miotso) Law Library (Miotso) Reference 11/02/2024   KRX4610.A35 ADJ llm00000574 11/02/2024 1 11/02/2024 Books
    Library of Congress Classification     Non-fiction Law Library (Miotso) Law Library (Miotso) Reference 11/16/2024   KRX4610.A35 ADJ LLM00001043 11/16/2024 2 11/16/2024 Books
    Library of Congress Classification     Non-fiction Law Library (Miotso) Law Library (Miotso) Reference 11/16/2024   KRX4610.A35 ADJ LLM00001044 11/16/2024 3 11/16/2024 Books
    Library of Congress Classification     Non-fiction Law Library (Miotso) Law Library (Miotso) Reference 11/16/2024   KRX4610.A35 ADJ LLM00001045 11/16/2024 4 11/16/2024 Books
© 2023-2024 Copyright: Central University Libraries. All Rights Reserved | Created by: Mahone Tech Office